Yo memorias inmorales

Saved in:
Bibliographic Details
Main Author: Eisenstein, Sergei (Author)
Format: Book
Language:Spanish
Published: Ciudad de México Siglo Veintiuno 1988
Subjects:
Tags: Add Tag
No Tags, Be the first to tag this record!

MARC

LEADER 00000nam a2200000 a 4500
001 UCW0222
003 CL-VaPUC
008 911128e19880000MX |||||||||||||||||spa|d
082 0 4 |a 791.4309  |b EIS  |2 21 
100 |a Eisenstein, Sergei  |e author  |9 602473 
245 1 0 |a Yo memorias inmorales 
300 |a v 
942 |c BK 
945 |d 19911128 00:00:00 
260 |a Ciudad de México  |b Siglo Veintiuno  |c 1988 
650 0 |a Productores y directores de cine  |9 266427 
650 0 |a Biografías  |9 255210 
651 0 |a Unión Soviética  |9 256769 
583 |a last modification  |c 20151005 02:12:12  |k Rodrigo Vera 
999 |c 215445  |d 215443 
952 |0 0  |1 0  |4 0  |6 791_430900000000000_EIS_1988  |7 0  |8 R  |9 199754  |a BIBART  |b BIBART  |d 2019-11-14  |h v.1  |i 267016K  |o 791.4309 EIS 1988  |p 267016K  |r 2025-03-13  |w 2019-11-14  |y BK_R  |k ART